| 000 | 03690nkm0a2200505 4500 | ||
|---|---|---|---|
| 001 | RU\NLR\BIBL_A\021962351 | ||
| 005 | 20260406164138.0 | ||
| 035 | _a(NLR Aleph) 021962351 | ||
| 090 |
_a13551394 _c13551394 |
||
| 100 | _a20230609d1874 u y0rusy50 ca | ||
| 101 | 0 | _arus | |
| 102 | _aRU | ||
| 116 | _aiiyaxx bi zz | ||
| 135 | _acrcn 024anaba | ||
| 181 | 0 |
_ab4 _bxb2e |
|
| 182 | 0 | _an | |
| 200 | 1 |
_aАлександр II _e[лубок] |
|
| 203 |
_aИзображение _bнеподвижное _bдвухмерное _bвизуальное _cнепосредственное |
||
| 210 |
_a[Москва] _cЛит. Яковлева _dценз. 1874 |
||
| 215 |
_a1 л. _cлитография _d28,8х22,9 ; 39,2х30,3 ; 44,3х35,2 |
||
| 300 | _aЦенз. разрешение: "Дозв. цензур. Москва 5 июня 1874 г." | ||
| 325 | _aКопия доступна в Электрон. б-ке РНБ | ||
| 327 | 1 | _aПортрет погрудный, 3/4 вправо, в мундире, с орденами, в овале и в квадратной декоративной рамке | |
| 540 | 1 | _aПортрет императора Александра II | |
| 540 | 1 | _aПортрет императора Александра Второго | |
| 540 | 1 | _aАлександр Второй | |
| 600 | 0 |
_aАлександр _cимператор российский _dII _f1818 - 1881 _jЛубки _9923610 _3RU\NLR\AUTH\6620168 |
|
| 606 | 1 |
_aЛубок русский _z19 в. _92106324 _3RU\NLR\AUTH\661576983 |
|
| 606 | 1 |
_aПортретная литография русская _z19 в. _92547466 _3RU\NLR\AUTH\6601720963 |
|
| 686 | 1 | _aЩ153(2Р=Рус)5-465 | |
| 702 | 0 |
_4570 _8rus _7ca _aАлександр _cимператор российский _dII _f1818-1881 _3RU\NLR\AUTH\7710521 _9120289 |
|
| 712 | 0 | 0 |
_aЯковлев, _gЕфим Яковлевич, _hлитография _cМосква _4650 _4610 |
| 830 | _aЯковлев Ефим Яковлевич (?-1888), моск. мещанин, издатель. Владелец металлографии, затем литографии в Москве (1851-1880-е). (Светский лубок, конец XVIII - начала XX века [Текст] : из собрания Русского музея : [каталог] — Санкт-Петербург : Palace Editions, Русский музей, сор. 2015. С. 96) Литография открыта по св-ву моск. обер-полицм. № 17582 от 16 сентября 1860 г. Мясницкая часть, д. Калайдович (1862); 2-я Мещанская, собственный д. (1870-е). (Метелкина, А. Г. Ведущие литографские мастерские Петербурга и Москвы : 1840-х - начала 1860-х годов : диссертация ... кандидата искусствоведения : 17.00.04 / Метелкина Анна Геннадьевна; [Место защиты: Рос. гос. пед. ун-т им. А.И. Герцена]. - Санкт-Петербург, 2019. С. 216.) - АУ ОЭФ | ||
| 852 | 0 | 0 |
_aNLR _bЭ _jЛП/4-А462-II _mинв.5764 |
| 852 | 0 | 0 |
_aNLR _bЭ _jЛП/4-А462-II _mинв.6015 |
| 856 | 0 | _uhttps://vivaldi.nlr.ru/le700000030/view | |
| 856 | 1 | _uhttps://vivaldi.nlr.ru/le700000030/cover | |
| 856 | 2 | _uhttps://vivaldi.nlr.ru/le700000030/text | |
| 942 | _cVISUAL | ||
| 980 | _aNB | ||
| 981 | 1 | 7 |
_a(17) Изографические материалы _b(17) Портреты |